000 00759nam a2200229 a 4500
005 20220906155303.0
008 150424s2011 mx r 000 0 spa d
020 _a9788425520051
035 _aUPN01000203035
049 _aCG
050 4 _aBF895
_bM3.3
100 1 _aMartínez Miralpeix, Alex,
_d1981-
_937161
245 1 0 _aGrafología :
_bel reflejo de la personalidad sobre el papel /
_cAlex Martínez Miralpeix.
260 _aBarcelona, Esp. :
_bHispano Europea,
_c2011.
300 _a96 p. :
_bil. +
_e1 CD-ROM ; 4 3/4 plg.
500 _aSolicita el CD-ROM en el "Mostrador de Préstamo"
650 4 _aGRAFOLOGIA
_98932
650 7 _aPersonalidad
_vEvaluación
_2
_914182
905 _aLibro
999 _c175136
_d175136